Barahinul Ajam (Record no. 1276)

MARC details
000 -LEADER
fixed length control field 00577nam a2200241 a 4500
020 ## - INTERNATIONAL STANDARD BOOK NUMBER
ISBN
082 00 - DEWEY DECIMAL CLASSIFICATION NUMBER
Classification number 891.51
Author Cutter AGH
100 ## - MAIN ENTRY--AUTHOR NAME
Author name Agha, Khan
245 ## - TITLE STATEMENT
Title Barahinul Ajam
260 ## - PUBLICATION, DISTRIBUTION, ETC. (IMPRINT)
Place of publication Tehran
Name of publisher No Publisher
Year of publication 1852
300 ## - PHYSICAL DESCRIPTION
Number of Pages 00p
500 ## - GENERAL NOTE
General note includes index and biblioraphy
505 2# - FORMATTED CONTENTS NOTE
Formatted contents note four parts in two vols.
650 ## - SUBJECT ADDED ENTRY--TOPICAL TERM
Topical Term Persian Poetry-Hairat Badayuni
942 ## - ADDED ENTRY ELEMENTS (KOHA)
Koha item type Books
700 1# -
-- Agha, Khan
Holdings
Collection code Home library Current library Date acquired Cost, normal purchase price Full call number Accession Number Koha item type
  Henry Martyn Institute Library Henry Martyn Institute Library 06/01/2007 100.00 891.51 AGH 04319 Books
                   Copyright © 2026 | Henry Martyn Institute | Hyderabad | TS-500052 | INDIA | Implemented by hmi.edu.in
Hit-Count:

Powered by Koha